<?xml version="1.0" encoding="UTF-8"?>
<record
    xmlns:xsi="http://www.w3.org/2001/XMLSchema-instance"
    xsi:schemaLocation="http://www.loc.gov/MARC21/slim http://www.loc.gov/standards/marcxml/schema/MARC21slim.xsd"
    xmlns="http://www.loc.gov/MARC21/slim">

  <leader>01983    a2200265   4500</leader>
  <controlfield tag="003">NALT</controlfield>
  <controlfield tag="005">20250818221508.0</controlfield>
  <controlfield tag="008">231127b        th ||||| |||| 00| 0 tha d</controlfield>
  <datafield tag="020" ind1=" " ind2=" ">
    <subfield code="a">9749223667</subfield>
  </datafield>
  <datafield tag="040" ind1=" " ind2=" ">
    <subfield code="a">NALT</subfield>
  </datafield>
  <datafield tag="100" ind1="0" ind2=" ">
    <subfield code="a">&#xE1A;&#xE38;&#xE0D;&#xE23;&#xE48;&#xE27;&#xE21; &#xE40;&#xE17;&#xE35;&#xE22;&#xE21;&#xE08;&#xE31;&#xE19;&#xE17;&#xE23;&#xE4C;.</subfield>
    <subfield code="9">13028</subfield>
  </datafield>
  <datafield tag="245" ind1="1" ind2="0">
    <subfield code="a">&#xE04;&#xE14;&#xE35;&#xE14;&#xE27;&#xE07;&#xE40;&#xE09;&#xE25;&#xE34;&#xE21; &#xE40;&#xE2B;&#xE15;&#xE38;&#xE43;&#xE14;? &#xE08;&#xE36;&#xE07;&#xE22;&#xE01;&#xE1F;&#xE49;&#xE2D;&#xE07; /</subfield>
    <subfield code="c">&#xE1A;&#xE38;&#xE0D;&#xE23;&#xE48;&#xE27;&#xE21; &#xE40;&#xE17;&#xE35;&#xE22;&#xE21;&#xE08;&#xE31;&#xE19;&#xE17;&#xE23;&#xE4C;.</subfield>
    <subfield code="h">[electronic resource]</subfield>
  </datafield>
  <datafield tag="250" ind1=" " ind2=" ">
    <subfield code="a">&#xE1E;&#xE34;&#xE21;&#xE1E;&#xE4C;&#xE04;&#xE23;&#xE31;&#xE49;&#xE07;&#xE17;&#xE35;&#xE48; 1.</subfield>
  </datafield>
  <datafield tag="260" ind1=" " ind2=" ">
    <subfield code="a">&#xE01;&#xE23;&#xE38;&#xE07;&#xE40;&#xE17;&#xE1E;&#xE2F; : </subfield>
    <subfield code="b">Animate Group,</subfield>
    <subfield code="c">2547.</subfield>
  </datafield>
  <datafield tag="300" ind1=" " ind2=" ">
    <subfield code="a">Online resource</subfield>
  </datafield>
  <datafield tag="520" ind1=" " ind2=" ">
    <subfield code="a">&#xE2B;&#xE19;&#xE31;&#xE07;&#xE2A;&#xE37;&#xE2D;&#xE17;&#xE35;&#xE48;&#xE1A;&#xE31;&#xE19;&#xE17;&#xE36;&#xE01;&#xE04;&#xE14;&#xE35;&#xE14;&#xE31;&#xE07; &#xE04;&#xE14;&#xE35;&#xE14;&#xE27;&#xE07;&#xE40;&#xE09;&#xE25;&#xE34;&#xE21; &#xE40;&#xE1B;&#xE47;&#xE19;&#xE02;&#xE48;&#xE32;&#xE27;&#xE43;&#xE2B;&#xE0D;&#xE48;&#xE17;&#xE35;&#xE48;&#xE04;&#xE19;&#xE44;&#xE17;&#xE22;&#xE43;&#xE2B;&#xE49;&#xE04;&#xE27;&#xE32;&#xE21;&#xE2A;&#xE19;&#xE43;&#xE08;&#xE01;&#xE31;&#xE19;&#xE21;&#xE32;&#xE01; &#xE40;&#xE1E;&#xE23;&#xE32;&#xE30;&#xE04;&#xE38;&#xE13;&#xE14;&#xE27;&#xE07;&#xE40;&#xE09;&#xE25;&#xE34;&#xE21; &#xE40;&#xE1B;&#xE47;&#xE19;&#xE25;&#xE39;&#xE01;&#xE0A;&#xE32;&#xE22;&#xE02;&#xE2D;&#xE07; &#xE23;.&#xE15;.&#xE2D;.&#xE40;&#xE09;&#xE25;&#xE34;&#xE21; &#xE2D;&#xE22;&#xE39;&#xE48;&#xE1A;&#xE33;&#xE23;&#xE38;&#xE07; &#xE0B;&#xE36;&#xE48;&#xE07;&#xE40;&#xE1B;&#xE47;&#xE19;&#xE19;&#xE31;&#xE01;&#xE01;&#xE32;&#xE23;&#xE40;&#xE21;&#xE37;&#xE2D;&#xE07;&#xE17;&#xE35;&#xE48;&#xE21;&#xE35;&#xE0A;&#xE37;&#xE48;&#xE2D;&#xE40;&#xE2A;&#xE35;&#xE22;&#xE07; &#xE44;&#xE27;&#xE49;&#xE40;&#xE1B;&#xE47;&#xE19; "&#xE04;&#xE14;&#xE35;&#xE1B;&#xE23;&#xE30;&#xE27;&#xE31;&#xE15;&#xE34;&#xE28;&#xE32;&#xE2A;&#xE15;&#xE23;&#xE4C;&#xE02;&#xE2D;&#xE07;&#xE41;&#xE1C;&#xE48;&#xE19;&#xE14;&#xE34;&#xE19;" &#xE40;&#xE23;&#xE37;&#xE48;&#xE2D;&#xE07;&#xE2B;&#xE19;&#xE36;&#xE48;&#xE07; &#xE40;&#xE1E;&#xE37;&#xE48;&#xE2D;&#xE19;&#xE31;&#xE01;&#xE01;&#xE0E;&#xE2B;&#xE21;&#xE32;&#xE22;&#xE08;&#xE30;&#xE44;&#xE14;&#xE49;&#xE28;&#xE36;&#xE01;&#xE29;&#xE32;&#xE27;&#xE48;&#xE32;&#xE40;&#xE2B;&#xE15;&#xE38;&#xE1C;&#xE25;&#xE43;&#xE14;? &#xE28;&#xE32;&#xE25;&#xE08;&#xE36;&#xE07;&#xE22;&#xE01;&#xE1F;&#xE49;&#xE2D;&#xE07;&#xE41;&#xE25;&#xE30;&#xE2D;&#xE22;&#xE32;&#xE01;&#xE43;&#xE2B;&#xE49;&#xE0A;&#xE32;&#xE27;&#xE1A;&#xE49;&#xE32;&#xE19;&#xE17;&#xE31;&#xE49;&#xE07;&#xE2B;&#xE25;&#xE32;&#xE22;&#xE44;&#xE14;&#xE49;&#xE40;&#xE2B;&#xE47;&#xE19;&#xE40;&#xE2B;&#xE15;&#xE38;&#xE25;&#xE43;&#xE19;&#xE04;&#xE33;&#xE1E;&#xE34;&#xE1E;&#xE32;&#xE01;&#xE29;&#xE32;&#xE2D;&#xE22;&#xE48;&#xE32;&#xE07;&#xE08;&#xE30;&#xE41;&#xE08;&#xE49;&#xE07;.</subfield>
  </datafield>
  <datafield tag="650" ind1=" " ind2="4">
    <subfield code="9">60107</subfield>
    <subfield code="a">&#xE22;&#xE01;&#xE1F;&#xE49;&#xE2D;&#xE07;</subfield>
  </datafield>
  <datafield tag="650" ind1=" " ind2="4">
    <subfield code="9">38546</subfield>
    <subfield code="a">&#xE04;&#xE14;&#xE35;&#xE41;&#xE25;&#xE30;&#xE01;&#xE32;&#xE23;&#xE2A;&#xE39;&#xE49;&#xE04;&#xE14;&#xE35;</subfield>
  </datafield>
  <datafield tag="650" ind1=" " ind2="4">
    <subfield code="a">&#xE04;&#xE33;&#xE1E;&#xE34;&#xE1E;&#xE32;&#xE01;&#xE29;&#xE32;</subfield>
    <subfield code="z">&#xE44;&#xE17;&#xE22; </subfield>
    <subfield code="9">58812</subfield>
  </datafield>
  <datafield tag="850" ind1=" " ind2=" ">
    <subfield code="a">NALT</subfield>
  </datafield>
  <datafield tag="856" ind1="4" ind2="0">
    <subfield code="u">https://ebook.parliament.go.th/ebookall/example/431679</subfield>
    <subfield code="z">E-Book</subfield>
  </datafield>
  <datafield tag="942" ind1=" " ind2=" ">
    <subfield code="2">lcc</subfield>
    <subfield code="c">EBK</subfield>
  </datafield>
  <datafield tag="996" ind1=" " ind2=" ">
    <subfield code="a">i001</subfield>
    <subfield code="b">CATSTF	</subfield>
    <subfield code="c">2023-12-15</subfield>
  </datafield>
  <datafield tag="999" ind1=" " ind2=" ">
    <subfield code="c">102681</subfield>
    <subfield code="d">102681</subfield>
  </datafield>
  <datafield tag="998" ind1=" " ind2=" ">
    <subfield code="j">25</subfield>
    <subfield code="k"> &#xE19;&#xE35;&#xE25;&#xE27;&#xE31;&#xE2A;&#xE19;&#xE4C; &#xE2D;&#xE34;&#xE19;&#xE17;&#xE23;&#xE31;&#xE01;&#xE29;&#xE32;</subfield>
  </datafield>
  <datafield tag="952" ind1=" " ind2=" ">
    <subfield code="0">0</subfield>
    <subfield code="1">0</subfield>
    <subfield code="2">lcc</subfield>
    <subfield code="4">0</subfield>
    <subfield code="7">0</subfield>
    <subfield code="8">CERS</subfield>
    <subfield code="a">NALT</subfield>
    <subfield code="b">NALT</subfield>
    <subfield code="c">ONLINE</subfield>
    <subfield code="d">2023-09-29</subfield>
    <subfield code="e">191</subfield>
    <subfield code="r">2023-09-29 00:00:00</subfield>
    <subfield code="y">EBK</subfield>
  </datafield>
</record>
